Discurso sobre el estado y trabajos de la Real Academia de Bellas Artes de San Fernando durante el trienio 1872 á 1875 / (Record no. 163018)

MARC details
000 -LEADER
campo de control de longitud fija 00754nam a2200169 i 4500
001 - NÚMERO DE CONTROL
campo de control 163018
003 - IDENTIFICADOR DE NÚMERO DE CONTROL
campo de control ES-MaACL
005 - FECHA Y HORA DE LA ÚLTIMA TRANSACCIÓN
campo de control 20260126135922.0
008 - DATOS DE LONGITUD FIJA--INFORMACIÓN GENERAL
campo de control de longitud fija 931025s1876 sp |||| | spa d
111 2# - ENTRADA PRINCIPAL--NOMBRE DE CONGRESO/REUNIÓN
Nombre de congreso/reunión o jurisdicción como elemento de entrada
9 (RLIN) 242722
245 10 - MENCIÓN DEL TÍTULO
Título Discurso sobre el estado y trabajos de la Real Academia de Bellas Artes de San Fernando durante el trienio 1872 á 1875 /
Mención de responsabilidad, etc. leído por su director, Federico de Madrazo en la junta pública del día 13 de febrero de 1876.
260 ## - PUBLICACIÓN, DISTRIBUCIÓN, ETC.
Lugar de publicación, distribución, etc. Madrid :
Nombre del editor, distribuidor, etc. [s.n.],
Fecha de publicación, distribución, etc. 1876 (
Fabricante Imp. y Fundición de Manuel Tello)
300 ## - DESCRIPCIÓN FÍSICA
Extensión 21 p. ;
Dimensiones 26 cm.
700 1# - ENTRADA AGREGADA--NOMBRE PERSONAL
Nombre de persona Madrazo y Kuntz, Federico de,
Fechas asociadas al nombre 1815-1894
9 (RLIN) 75343
852 ## - LOCALIZACIÓN
Ubicación ES-MaACL
Número de control de estantería F-M-III-N(II)
Nota libre - Enc. pasta española
-- - Enc. en un vol. facticio
Holdings
Estatus retirado Estado de pérdida Estado de daño No para préstamo Colección Biblioteca de origen Biblioteca actual Ubicación en estantería Fecha de adquisición Fuente de adquisición Total de préstamos Signatura topográfica completa Código de barras Visto por última vez Precio de reemplazo Tipo de ítem Koha
        Libros del s. XIX Biblioteca del Ateneo de Madrid Biblioteca del Ateneo de Madrid Administración 17/01/2008     F-M-III-N(II) 1170800 23/02/2023 23/02/2023 Libro impreso antiguo